000 00431nam a22001337a 4500
040 _cNUST
082 _a220 PRO
100 _aNC Umer Sarfaraz PC Hamza Imtiaz NC Abdullah Rizwan GC Khubaib Ahmed
_9103567
110 _aProject Supervisor: Dr. Shahzor Ahmed
_986238
245 _aPR-SOF-2186-Detection of Defects In Fabric
260 _aIslamabad:
_bNUST College of EME,
_c2022
650 _aDE-ELECT-40
_9103514
942 _2ddc
_cPR
999 _c592482
_d592482